000 00829nam a2200217 i 4500
001 187012
003 SpMaBN
005 20230906222809.0
008 170328s1988 sp abc |||| |dspa d
020 _a84-7719-083-6
080 _a959.9"1812/98"(093)
100 1 _aMoriones, Domingo
_cMarqués de Oroquieta.
_9162212
245 1 0 _aMemoria reservada de Don Domingo Moriones sobre el Gobierno de Filipinas (1877-1880) /
_cedición y notas de Jesús Paniagua Pérez.
260 _aLeón :
_bUniversidad, Servicio de Publicaciones,
_c[1988]
300 _a206 p. :
_bil., mapas, 1 retr. ;
_c24 cm.
504 _aBibliografía: p. 203-206.
651 7 _aFilipinas-
_xHistoria-
_y1812-1898-
_vFuentes.
_9162213
700 1 _aPaniagua Pérez, Jesús.
_988789
710 2 _aUniversidad de León.
_97200
852 _aES-MaACL
_jL-31331
999 _c187012
_d187012